Acuarelas : (Registro nro. 32562)
[ vista simple ]
| 000 -CABECERA | |
|---|---|
| campo fijo de control de longitud | 00748nam a2200241 4500 |
| 001 - NÚMERO DE CONTROL | |
| campo de control | 32562 |
| 003 - IDENTIFICADOR DEL NÚMERO DE CONTROL | |
| campo de control | AR-RoBPED |
| 005 - FECHA Y HORADE LA ULTIMA TRANSACCION | |
| campo de control | 20260505171523.0 |
| 008 - ELEMENTOS DE LONGITUD FIJA--INFORMACION GENERAL | |
| campo fijo de control de longitud | 260413s1957 ag a|||br|||| 001 0 spa d |
| 040 ## - FUENTE CATALOGADORA | |
| Centro catalogador/agencia de origen | AR-RoBPED |
| 041 ## - IDIOMA | |
| Código de idioma para texto/pista de sonido o título independiente | spa |
| 100 ## - ENCABEZAMIENTO PRINCIPAL--AUTOR PERSONAL | |
| Nombre de persona | Bavio, A. |
| 9 (RLIN) | 30651 |
| 245 10 - TITULO | |
| Título | Acuarelas : |
| Subtítulo | libro de lectura para tercer grado / |
| Mención de responsabilidad | A. Bavio ; ilustró S. Martínez Koch. |
| 250 ## - EDICION | |
| Edición | 4a ed. |
| 260 ## - PUBLICACION | |
| Lugar | Buenos Aires : |
| Editor | Kapelusz, |
| Fecha | 1957. |
| 300 ## - DESCRIPCION FISICA | |
| Extensión | 145 p. |
| Otros detalles físicos | il. col. |
| 650 14 - TERMINO DE MATERIA--CONTROLADO | |
| Término controlado | ARCHIVO INFANTIL |
| 9 (RLIN) | 24464 |
| Término controlado | LIBROS DE LECTURA |
| 9 (RLIN) | 15325 |
| Término controlado | TERCER GRADO |
| 9 (RLIN) | 1463 |
| 700 1# - ENCABEZAMIENTO SECUNDARIO--AUTOR PERSONAL | |
| Nombre de persona | Martínez Koch, Santos |
| 9 (RLIN) | 25254 |
| Función | il. |
| 942 ## - ELEMENTOS KOHA | |
| Fuente de clasificación | Universal Decimal Classification |
| Número Koha | K.32562 |
| Koha tipo de ítem | Libro |
| Clasificación | 372.4 |
| Pre signatura | IA |
| Signatura librística | Ba 26 |
| N° inventario | Inv.42390 |
| 945 ## - PROCESAMIENTO DE LA INFORMACIÓN LOCAL | |
| Catalogador y fecha | sa 13/04/2026 - cd 13/04/2026 |
| Estado retirado | Estado perdido | Fuente de clasificación | Estado dañado | No se presta | Biblioteca propietaria | Biblioteca de reserva | Fecha de adquisición | Procedencia | Total de préstamos | Signatura topográfica completa | Código de barras (nº de inventario) | Fecha visto por última vez | Catalogador y fecha | Tipo de ítem Koha | Nota pública |
|---|---|---|---|---|---|---|---|---|---|---|---|---|---|---|---|
| Universal Decimal Classification | No se presta | Biblioteca Pedagógica Eudoro Díaz | Biblioteca Pedagógica Eudoro Díaz | 08/04/2026 | Donacion | IA 372.4 Ba 26 | 42390 | 13/04/2026 | sa 13/04/2026 | Libro | No sale a domicilio |